Every Wrestler to Compete on WWE 205 Live - Statistics

General Stats
  • This quiz has been taken 244 times
    143 since last reset
  • The average score is 26 of 109
Answer Stats
Date of First Match Wrestler % Correct
December 6, 2016 Cedric Alexander
90%
August 29, 2017 Enzo Amore
80%
December 20, 2016 Neville
80%
October 3, 2017 Kalisto
78%
December 13, 2016 TJP
74%
February 14, 2017 Gran Metalik
73%
November 29, 2016 Jack Gallagher
73%
January 31, 2017 Akira Tozawa
70%
December 13, 2016 Mustafa Ali
70%
November 29, 2016 The Brian Kendrick
69%
December 13, 2016 Lince Dorado
67%
February 20, 2018 Buddy Murphy
66%
November 29, 2016 Tony Nese
66%
November 29, 2016 Drew Gulak
64%
November 29, 2016 Rich Swann
58%
February 6, 2018 Roderick Strong
50%
June 26, 2018 Lio Rush
49%
November 29, 2016 Ariya Daivari
45%
November 7, 2017 Tyler Bate
45%
March 7, 2017 Austin Aries
44%
August 20, 2019 Angel Garza
43%
December 6, 2016 Noam Dar
43%
December 19, 2017 Hideo Itami
42%
November 29, 2016 Samir Singh
41%
November 29, 2016 Sunil Singh
41%
July 30, 2019 Drake Maverick
38%
January 15, 2019 Humberto Carrillo
38%
July 23, 2019 Isaiah "Swerve" Scott
37%
February 7, 2020 Jordan Devlin
36%
January 3, 2017 Tajiri
36%
December 13, 2019 Joaquin Wilde
34%
January 22, 2021 Tommaso Ciampa
33%
June 11, 2019 Chad Gable
31%
April 4, 2017 Oney Lorcan
30%
March 13, 2020 Kushida
28%
September 24, 2019 Danny Burch
26%
January 10, 2020 Tyler Breeze
23%
June 11, 2021 Grayson Waller
21%
October 1, 2021 Marcel Barthel
21%
October 24, 2018 Mike Kanellis
21%
July 23, 2019 Raul Mendoza
21%
February 11, 2022 Trick Williams
21%
October 1, 2021 Fabian Aichner
20%
November 7, 2017 James Drake
20%
July 9, 2021 Odyssey Jones
20%
September 11, 2020 Ashante Adonis
19%
November 8, 2019 Mansoor
19%
November 7, 2017 Mark Andrews
19%
May 15, 2018 Kenny Williams
17%
January 2, 2018 Goldust
16%
July 2, 2021 Joe Gacy
15%
July 2, 2021 Andre Chase
14%
May 15, 2018 Flash Morgan Webster
14%
June 12, 2020 Leon Ruff
14%
November 5, 2021 Zack Gibson
14%
October 8, 2021 Brutus Creed
12%
October 1, 2021 Dante Chen
12%
October 8, 2021 Julius Creed
12%
November 6, 2020 August Grey
10%
January 22, 2021 Candice LeRae
10%
October 16, 2020 Curt Stallion
10%
May 7, 2021 Ikemen Jiro
10%
January 22, 2021 Indi Hartwell
10%
July 9, 2021 Josh Briggs
10%
May 14, 2019 Ligero
10%
September 17, 2021 Boa
9%
January 29, 2021 Ember Moon
9%
June 19, 2020 Jake Atlas
9%
January 15, 2021 Killian Dain
9%
November 26, 2021 Solo Sikoa
9%
January 22, 2021 Timothy Thatcher
9%
September 3, 2021 Xyon Quinn
9%
September 3, 2021 Amari Miller
8%
May 14, 2021 Asher Hale
8%
January 22, 2021 Cora Jade
8%
November 19, 2021 Tiffany Stratton
8%
May 7, 2021 Ari Sterling
7%
January 14, 2022 Bodhi Hayward
7%
October 15, 2021 Brooks Jensen
7%
May 22, 2020 Chase Parker
7%
January 22, 2021 Gigi Dolin
7%
November 19, 2021 Kacy Catanzaro
7%
November 19, 2021 Kayden Carter
7%
November 19, 2021 Yulisa Leon
7%
November 12, 2021 Draco Anthony
6%
November 19, 2021 Edris Enofé
6%
December 17, 2021 Fallon Henley
6%
July 2, 2021 Guru Raaj
6%
December 3, 2021 Ivy Nile
6%
November 7, 2017 Joseph Conners
6%
September 17, 2021 Malik Blade
6%
December 31, 2021 Nikkita Lyons
6%
October 29, 2021 Ru Feng
6%
January 29, 2021 Shotzi Blackheart
6%
August 27, 2021 Trey Baxter
6%
September 10, 2021 Valentina Feroz
6%
January 29, 2021 Zoey Stark
6%
January 21, 2022 Javier Bernal
5%
December 10, 2021 Lash Legend
5%
May 15, 2020 Tehuti Miles
5%
December 24, 2021 Damon Kemp
3%
July 2, 2021 Desmond Troy
3%
November 26, 2021 Elektra Lopez
3%
November 5, 2021 Erica Yan
3%
October 15, 2021 Jeet Rama
3%
May 22, 2020 Matt Martel
3%
October 8, 2021 Sarray
3%
September 10, 2021 Katrina Cortez
2%
January 29, 2021 Marina Shafir
2%
No matching quizzes found
Score Distribution
Percent of People with Each Score
Percentile by Number Answered
Your Score History
You have not taken this quiz since the last reset